Verejná správa úvod do miestnej štátnej správy a miestnej samosprávy v krajinách Európskej únie a na Slovensku

Saved in:
Bibliographic Details
Main Author: Beechey, Robin M.
Other Authors: Nagyová, Jana
Format: Book
Language:Slovak
Published: Bratislava Phare - Inštitút pre verejnú správu [1998]
Subjects:
Tags: Add Tag
No Tags, Be the first to tag this record!

MARC

LEADER 00000nam a2200000 4500
001 c109570
005 20221109094707.4
041 0 |a slo 
044 |a SK 
245 1 0 |a Verejná správa  |b úvod do miestnej štátnej správy a miestnej samosprávy v krajinách Európskej únie a na Slovensku  |c [autor: Robin M. Beechey] ; [preklad z ang.: Jana Nagyová et al.] 
264 1 |a Bratislava  |b Phare - Inštitút pre verejnú správu  |c [1998] 
300 |a 32 s.  |e príl. 
500 |a Dokument nie je oficiálnou publikáciou EÚ. 
610 2 0 |a správa štátna 
610 2 0 |a správa verejná 
610 2 0 |a správa miestna 
610 2 0 |a samospráva 
610 2 0 |a integrácia ekonomická medzinárodná 
610 2 0 |a reformy 
610 2 0 |a Európa 
610 2 0 |a Európska únia 
610 2 0 |a Európske spoločenstvá 
610 2 0 |a spolupráca medzinárodná 
610 2 0 |a politika 
610 2 0 |a trh spoločný 
610 2 0 |a inštitúcia 
610 2 0 |a rozhodovanie 
610 2 0 |a regióny 
610 2 0 |a orgány štatutárne 
610 2 0 |a únie hospodárske 
610 2 0 |a únie menové 
610 2 0 |a politika poľnohospodárska 
610 2 0 |a politika environmentálna 
610 2 0 |a politika sociálna 
610 2 0 |a politika dopravná 
610 2 0 |a politika regionálna 
610 2 0 |a fondy štruktúrne 
610 2 0 |a história 
610 2 0 |a Rada Európy 
610 2 0 |a decentralizácia 
610 2 0 |a vláda 
610 2 0 |a Slovensko 
610 2 0 |a PHARE 
100 1 |a Beechey, Robin M. 
700 1 |a Nagyová, Jana